| 000 | 00954nam a22003377a 4500 | ||
|---|---|---|---|
| 003 | CHAP | ||
| 005 | 20220329135807.0 | ||
| 008 | 971013s1976 es a r 00010 spa | ||
| 010 | _a42284 | ||
| 011 | _a43256 | ||
| 035 | _a47392 | ||
| 040 | _cCHAP | ||
| 082 | 0 | 4 |
_a574.192 _bF8 |
| 100 | 0 | 0 |
_aFraga, E. _942843 |
| 245 | 1 | _aBiomoléculas; estudios teóricos | |
| 260 |
_aMadrid : _bAlhambra, _c1976 |
||
| 300 |
_a289 p. _b: ilus. |
||
| 490 |
_aExedra _v; 110 |
||
| 590 |
_aBATCH-UPD _b10 _c20130110 _lUCH01 _h1817 |
||
| 590 |
_aBATCH-UPD _b10 _c20130410 _lUCH01 _h1151 |
||
| 590 |
_aBATCH-UPD _b10 _c20130914 _lUCH01 _h0644 |
||
| 590 |
_aCONVERSION _b10 _c20130109 _lUCH01 _h1323 |
||
| 650 | 1 | 4 |
_aBioquímica. _912849 |
| 650 | 1 | 4 |
_aGenética. _947469 |
| 650 | 1 | 4 |
_aHerencia. _953725 |
| 700 | 0 |
_aFraga, S. _942846 |
|
| 830 | 0 |
_aExedra _v; 110 _939042 |
|
| 901 | _aBK | ||
| 942 | _cLIBRO | ||
| 949 |
_a574.192 F8 _bBC _cLIBRO _d-107699 _eLIBRO _h44889 _i47392 _si |
||
| 999 |
_c42284 _d42284 |
||